000 00226 a2200097 4500
001 7628
100 _aMerrill, G
245 _aDictionary of guided missiles and space flight
260 _a
_bD Van Nost
_c
090 _c6103
_d6103
942 _aNUST-CAE
_cM
_c32605
999 _c242701
_d242701